00482nam a22001457a 4500020001500000082002500015100002000040245006000060260004600120300000800166650002200174942000700196952011600203999001700319 a8176290742 a320.550917645 PAT V3 aPattanaik, D.D. aHindu Nationalism in India: V3: Ideological Corollaries aNew DelhibDeep & Deep Publicationsc1998 a174 aNationalism-Hindu cBK 001040708REFaHMIbHMIcREFd2018-07-13g1250.00l0o320.550917645 PAT V3p18156r2018-07-13w2026-01-16yBK c21185d21185